|
|
|
|
| LEADER |
00000nam0a2200000 4500 |
| 001 |
20788 |
| 005 |
20231030192235.0 |
| 010 |
|
|
|a 2909408167
|
| 035 |
|
|
|a (RuTPU)RU\TPU\book\20978
|
| 035 |
|
|
|a BOOK00005667
|
| 090 |
|
|
|a 20788
|
| 100 |
|
|
|a 20011209d1994 k y0rusy50 ca
|
| 101 |
1 |
|
|a rus
|c por
|
| 102 |
|
|
|a RU
|
| 105 |
|
|
|a a z 000zy
|
| 200 |
1 |
|
|a Азбука аналитической трилогии: Интегральный психоанализ
|e пер. с порт.
|f К. Пачеко
|
| 210 |
|
|
|a Москва
|d 1994
|
| 215 |
|
|
|a 221 с.
|c ил.
|
| 610 |
1 |
|
|a психология
|
| 610 |
1 |
|
|a психоанализ
|
| 610 |
1 |
|
|a психотерапия
|
| 686 |
|
|
|a Ю932
|v LBC/SL-A
|2 rubbk
|
| 700 |
|
1 |
|a Пачеко
|b К.
|g Клаудиа
|
| 801 |
|
0 |
|a RU
|b 63413507
|c 20011209
|g PSBO
|
| 801 |
|
2 |
|a RU
|b 63413507
|c 20120124
|g PSBO
|
| 942 |
|
|
|c BK
|